| 000 | 00885cam a22002413a 4500 | ||
|---|---|---|---|
| 001 | 4900 | ||
| 003 | PGUSA | ||
| 005 | 20140828083111.0 | ||
| 008 | 041109s2004||||xxu|||||s|||||000 | eng d | ||
| 040 |
_aPGUSA _beng |
||
| 042 | _adc | ||
| 050 | 4 | _aDH | |
| 100 | 1 |
_aMotley, John Lothrop, _d1814-1877 |
|
| 245 | 1 | 0 |
_aPG Edition of Netherlands series — Complete _h[electronic resource] / _cJohn Lothrop Motley |
| 260 |
_bProject Gutenberg, _c2004 |
||
| 505 | 0 | _aThe Rise of the Dutch Republic, 1555-1584 -- History of the United Netherlands, 1584-1609 -- Life and Death of John of Barneveld, 1609-1623 -- A Memoir of John Lothrop Motley (by Oliver Wendell Holmes, Sr.) | |
| 506 | _aPublic domain in the USA. | ||
| 516 | _aElectronic text | ||
| 653 | _aNetherlands -- History | ||
| 830 | 0 |
_aProject Gutenberg _v4900 |
|
| 856 | 4 | 0 | _uhttp://www.gutenberg.org/ebooks/4900 |
| 942 | _cEB | ||
| 999 |
_c234229 _d234229 |
||